Journalismus als Kultur : Analysen und Essays
Αποθηκεύτηκε σε:
| Άλλοι συγγραφείς: | |
|---|---|
| Μορφή: | Βιβλίο |
| Γλώσσα: | German |
| Δημοσίευση: |
Wiesbaden :
Westdeutscher,
1998
|
| Θέματα: | |
| Ετικέτες: |
Προσθήκη ετικέτας
Δεν υπάρχουν, Καταχωρήστε ετικέτα πρώτοι!
|
MARC
| LEADER | 00000nam a2200000 i 4500 | ||
|---|---|---|---|
| 001 | 1/18965 | ||
| 008 | 010327s1998 ger d | ||
| 020 | |a 3-531-13258-X | ||
| 035 | |l 10066681 | ||
| 040 | |a GR-MY-UA |b gre |e aacr | ||
| 041 | 0 | |a ger | |
| 082 | 0 | |a 302.23 | |
| 245 | 1 | 0 | |a Journalismus als Kultur : |b Analysen und Essays / |c Wolfgang Duchkowitsch ... [et al.] |
| 260 | |a Wiesbaden : |b Westdeutscher, |c 1998 | ||
| 300 | |a 302 p. | ||
| 650 | 0 | 0 | |a Journalism. |
| 700 | 1 | |a Duchkowitsch, Wolfgang. |4 edt | |
| 852 | |a INST |b RHODES |e 20010327 |h 302.23 JOU |p 005400017070 |q 005400017070 |t BK |y 0 | ||
| 901 | |a BIBL4-2001-1 | ||
| 909 | |a Ρ |b 084315 | ||
| 922 | |a 4ΕΛΗ |b 200112 |c ΚΠΣ/ΔΕ | ||
| 950 | |a 095-2000-09-17 | ||
| 970 | |a ΚΟΥΛΑΚΙΟΤΗ |b ΛΙΤΣΑ |z 2001/03/27 | ||